000 01166cab a2200361 4500
001 ABS47839
008 090401t1993 xxu||||| |||| 00| 0 eng d
035 _a(Sirsi) u63611
041 _aeng
100 _aBennett, J.
245 _aEC Services Directive
260 _c1993
350 _a0
490 _aSolicitors` Journal
_v137(1) 15 January 1993, 18-19 (2)
520 _aA study of the Services Directive, which as part of the EC public procurement legislation affects contracts for services. This article looks at the award procedures, specifications, selecting and evaluating the tenders.
650 _aCOMPLIANCE DIRECTIVE
650 _aCOMPULSORY COMPETITIVE TENDERING
650 _aEC DIRECTIVE 92/50/EEC
650 _aEC DIRECTIVES
650 _aEUROPE
650 _aPUBLIC PROCUREMENT
650 _aSERVICES DIRECTIVE
650 _aSINGLE MARKET
650 _aSUPPLIES DIRECTIVE
650 _aTENDERING
650 _aUTILITIES DIRECTIVE
650 _aWORKS DIRECTIVE
690 _aBUILT ENVIRONMENT-BUILDING CONTRACT FORMS
690 _aEUROPE-SINGLE MARKET
700 _aCirell, S.
942 _n0
948 _c04/03/1997
999 _c39547
_d39547